World Leaders from Two Words - Statistics

General Stats
  • This quiz has been taken 318 times
  • The average score is 8 of 16
Answer Stats
Hint Answer % Correct
Corsican Tactician Napoleon Bonaparte
90%
Terrible Husband Henry VIII
71%
Shoe-Dodging Cowboy George W. Bush
70%
Jewish Comedian Volodymyr Zelenskyy
65%
Fiddling Arsonist Nero
64%
Dairy-Loving Communist Fidel Castro
59%
Teacher Lover Emmanuel Macron
58%
"Wireless" King Harald Bluetooth
48%
Sparrow Killer Mao Zedong
48%
Dead? Prisoner Nelson Mandela
45%
Voodoo "Physician" François Duvalier
37%
"Iceberg" Lady Liz Truss
29%
Crypto Dictator Nayib Bukele
28%
Misspelt Musician Vladimir Lenin
18%
Vanishing Swimmer Harold Holt
14%
Flying Dutchman Willem-Alexander
5%
No matching quizzes found
Score Distribution
Percent of People with Each Score
Percentile by Number Answered
Your Score History
You have not taken this quiz